The Dictionary of stock market (Record no. 474)

MARC details
000 -LEADER
fixed length control field 00726 a2200181 4500
008 - FIXED-LENGTH DATA ELEMENTS--GENERAL INFORMATION
fixed length control field 080820t xxu||||| |||| 00| 0 eng d
010 ## - LIBRARY OF CONGRESS CONTROL NUMBER
LC control number ENG-84817
020 ## - INTERNATIONAL STANDARD BOOK NUMBER
International Standard Book Number 8170944368
Terms of availability 190.00
035 ## - SYSTEM CONTROL NUMBER
System control number EN-68350
082 ## - DEWEY DECIMAL CLASSIFICATION NUMBER
Classification number 332.064203
100 ## - MAIN ENTRY--PERSONAL NAME
Personal name Shroff, Praveen N.
245 ## - TITLE STATEMENT
Title The Dictionary of stock market
Remainder of title guide to Dalal street money-talk
Statement of responsibility, etc by Praveen N. Shroff
260 ## - PUBLICATION, DISTRIBUTION, ETC. (IMPRINT)
Place of publication, distribution, etc New Delhi
Name of publisher, distributor, etc Vision Books,
Date of publication, distribution, etc 2006
300 ## - PHYSICAL DESCRIPTION
Extent 216 p.
Dimensions 21cm (Pbk)
650 ## - SUBJECT ADDED ENTRY--TOPICAL TERM
Topical term or geographic name as entry element Stock-exchange
General subdivision Dictionaries.
942 ## - ADDED ENTRY ELEMENTS (KOHA)
Institution code [OBSOLETE] dpl
Call number prefix 332.64203 / SHR
Koha item type English Books
Source of classification or shelving scheme Dewey Decimal Classification
Classification part 332.64203
Call number suffix SHR
Holdings
Withdrawn status Lost status Damaged status Not for loan Home library Current library Date acquired Cost, normal purchase price Total Checkouts Full call number Barcode Date last seen Copy number Uniform Resource Identifier Cost, replacement price Price effective from Koha item type
        D.B.Act.Division D.B.Act.Division 20/08/2008 190.00   332.64203 SHR EN-68350 15/09/2008 1 498 190.00 15/09/2008 English Books

© Delhi Public Library
Hit Counter
free hit counter